| 000 | 01346cam a22003977a 4500 | ||
|---|---|---|---|
| 001 | 000077471 | ||
| 003 | CHAP | ||
| 005 | 20240918125814.0 | ||
| 008 | 971205d1995 mx r 00110 spa d | ||
| 010 | _a74706 | ||
| 011 | _a75678 | ||
| 035 | _a85246 | ||
| 040 | _cCHAP | ||
| 090 | _aFolleto 14923 | ||
| 100 | 1 | 0 |
_aCervantes Escoto, Fernando _921557 |
| 245 | 1 | 0 |
_aFactores que afectan el anestro postparto en bovinos / _c/por Fernando Cervantes Escoto. |
| 260 |
_aBermejillo, Dgo. : _bUACH. Departamento de Zonas Aridas, _c1995. |
||
| 300 | _a32 h. | ||
| 410 | 1 | 1 | _aUACH. Departamento de Zonas Aridas |
| 490 | 1 |
_aSerie. Sistemas pecuarios _v; 5 |
|
| 590 |
_aBATCH-UPD _b10 _c20130110 _lUCH01 _h0714 |
||
| 590 |
_aBATCH-UPD _b10 _c20130410 _lUCH01 _h0359 |
||
| 590 |
_aBATCH-UPD _b10 _c20130914 _lUCH01 _h0916 |
||
| 590 |
_aCONVERSION _b10 _c20130109 _lUCH01 _h1341 |
||
| 590 |
_aE5995AHE _b05 _c20150212 _lUCH01 _h1351 |
||
| 650 | 1 | 4 |
_aCiclo estrual. _923072 |
| 650 | 1 | 4 |
_aReproducción animal. _996028 |
| 810 | 1 | 1 | _aUACH. Departamento de Zonas Aridas |
| 830 | 0 | 0 |
_aSerie. Sistemas pecuarios _v; 5 _9105094 |
| 901 | _aBK | ||
| 905 | _aLilia Sánchez G. | ||
| 942 | _cFOLL | ||
| 942 | _n0 | ||
| 949 |
_aFolleto 14923 _bBC _cFOLL _d852461 _eTS1 _i85246 _kDonaciØn _sb |
||
| 949 |
_aFolleto 14923 _bBC _cUACH _d852462 _eUACH _fc.2 _i85246 _kDonaciØn _sb |
||
| 999 |
_c74706 _d74706 |
||